مكتبة جامعة عجلون الوطنية

فهرس بحث المكتبة

Normal view MARC view
  • Labor laws and legislation-England-Wales

Entry Topical Term

Number of records used in: 1

001 - CONTROL NUMBER

  • control field: 6111

003 - CONTROL NUMBER IDENTIFIER

  • control field: JO-AjAnu

005 - DATE AND TIME OF LATEST TRANSACTION

  • control field: 20230606071307.0

008 - FIXED-LENGTH DATA ELEMENTS

  • fixed length control field: 230606|| aca||aabn | a|a d

040 ## - CATALOGING SOURCE

  • Original cataloging agency: JO-AjAnu
  • Transcribing agency: JO-AjAnu

150 ## - HEADING--TOPICAL TERM

  • Topical term or geographic name entry element: Labor laws and legislation-England-Wales

670 ## - SOURCE DATA FOUND

  • Source citation: Work cat.: (JO-AjAnu)3168: edited Kidner, Richard , author 6110, Blackstone's statutes on Employment Law 2019-2020